[Event "HUN-chT2 Szechenyi 1617"]
[Site "Hungary"]
[Date "2017.01.29"]
[Round "7.6"]
[White "Gombos, Bettina"]
[Black "Szakaly, Laszlo"]
[Result "1/2-1/2"]
[WhiteElo "1893"]
[BlackElo "2035"]
[PlyCount "43"]
[EventDate "2016.09.25"]
[EventType "team-tourn"]
[EventRounds "11"]
[EventCountry "HUN"]
[SourceTitle "EXT 2021"]
[Source "ChessBase"]
[SourceDate "2020.10.23"]
[SourceVersion "1"]
[SourceVersionDate "2020.10.23"]
[SourceQuality "1"]
[WhiteTeam "Haladas Szombathely III"]
[BlackTeam "Keszthely Spartacus"]
[WhiteTeamCountry "HUN"]
[BlackTeamCountry "HUN"]

1. e4 c5 2. Nf3 d6 3. d4 cxd4 4. Nxd4 Nf6 5. Nc3 g6 6. Be3 Bg7 7. f3 0-0 8. Qd2 Nc6 9. 0-0-0 Nxd4 10. Bxd4 Be6 11. g4 Qa5 12. Kb1 Rfc8 13. a3 Rab8 14. h4 b5 15. Nd5 Qxd2 16. Nxf6+ Bxf6 17. Rxd2 Bxd4 18. Rxd4 Kg7 19. Be2 Rc5 20. Rhd1 Rbc8 21. R1d2 a6 22. Bd1 1/2-1/2

[Event "HUN-chT U18"]
[Site "Budapest"]
[Date "2015.08.30"]
[Round "8.24"]
[White "Balogh, Judit Dora"]
[Black "Gombos, Bettina"]
[Result "0-1"]
[WhiteElo "1551"]
[BlackElo "1913"]
[PlyCount "56"]
[EventDate "2015.08.26"]
[EventType "team-swiss"]
[EventRounds "8"]
[EventCountry "HUN"]
[SourceTitle "EXT 2016"]
[Source "ChessBase"]
[SourceDate "2015.10.08"]
[SourceVersion "1"]
[SourceVersionDate "2015.10.08"]
[SourceQuality "1"]

1. d4 Nf6 2. Bg5 d5 3. Bxf6 exf6 4. Nf3 c6 5. e3 Bd6 6. Bd3 0-0 7. 0-0 Re8 8. Nbd2 f5 9. c4 dxc4 10. Nxc4 Bc7 11. Qc2 g6 12. a3 Be6 13. Rfb1 Bd5 14. Ncd2 Nd7 15. b4 Nf6 16. Re1 Ne4 17. Rab1 g5 18. Rec1 g4 19. Ne1 Bxh2+ 20. Kf1 Nxd2+ 21. Qxd2 Qg5 22. Rc2 f4 23. e4 Bxe4 24. Bxe4 Rxe4 25. Rc5 Qh4 26. Qd3 Rae8 27. Rd1 Bg3 28. fxg3 fxg3 0-1

[Event "HUN-chT2 Szechenyi 1415"]
[Site "Hungary"]
[Date "2015.03.01"]
[Round "9.8"]
[White "Borhy, Marcell Boldizsar"]
[Black "Gombos, Bettina"]
[Result "1/2-1/2"]
[WhiteElo "1571"]
[BlackElo "1959"]
[PlyCount "40"]
[EventDate "2014.09.07"]
[EventType "team-tourn"]
[EventRounds "11"]
[EventCountry "HUN"]
[SourceTitle "EXT 2016"]
[Source "ChessBase"]
[SourceDate "2015.10.08"]
[SourceVersion "1"]
[SourceVersionDate "2015.10.08"]
[SourceQuality "1"]
[WhiteTeam "Arboretum"]
[BlackTeam "HVSE Infraplan"]
[WhiteTeamCountry "HUN"]
[BlackTeamCountry "HUN"]

1. d4 Nf6 2. c4 e6 3. g3 d5 4. Nf3 Be7 5. Bg2 0-0 6. 0-0 c6 7. Nbd2 Nbd7 8. Qc2 b6 9. e4 Bb7 10. Rd1 Rc8 11. b3 Qc7 12. Bb2 Rfd8 13. Rac1 Qb8 14. Qb1 dxe4 15. Nxe4 Nxe4 16. Qxe4 c5 17. Qe2 Bf6 18. Rc2 Qa8 19. Rcd2 cxd4 20. Bxd4 Bxd4 1/2-1/2

[Event "HUN-ch U16 Girls"]
[Site "Balatonlelle"]
[Date "2013.06.24"]
[Round "4"]
[White "Gombos, Bettina"]
[Black "Arvai, Eszter"]
[Result "1/2-1/2"]
[WhiteElo "1979"]
[BlackElo "1889"]
[PlyCount "106"]
[EventDate "2013.??.??"]
[EventType "tourn"]
[EventRounds "9"]
[EventCountry "HUN"]
[SourceTitle "EXT 2014"]
[Source "ChessBase"]
[SourceDate "2013.11.20"]
[SourceVersion "1"]
[SourceVersionDate "2013.11.20"]
[SourceQuality "1"]

1. e4 e5 2. Nf3 Nc6 3. Bc4 Bc5 4. c3 Nf6 5. d4 exd4 6. 0-0 0-0 7. e5 d5 8. exf6 dxc4 9. fxg7 Kxg7 10. Ng5 Bf5 11. Qf3 Qd7 12. Nd2 Bd3 13. Nde4 Be7 14. Qg3 Kh8 15. Rd1 Qf5 16. Rxd3 cxd3 17. Qxd3 Rg8 18. Nf3 Qg6 19. g3 Rad8 20. Bd2 Bf6 21. Bg5 Bxg5 22. Nfxg5 h6 23. Nf3 Rge8 24. Re1 Re7 25. Nh4 Qh7 26. Qf3 Re6 27. Kg2 Ne5 28. Qf5 Qxf5 29. Nxf5 Nd3 30. Re2 Nc1 31. Rc2 Rxe4 32. Rxc1 d3 33. Ne3 Ra4 34. a3 Ra6 35. Rd1 Rb6 36. Nc4 Re6 37. Ne3 Kg7 38. Rd2 a6 39. Nf5+ Kg6 40. Nd4 Rxd4 41. cxd4 Re2 42. Rxd3 Rxb2 43. g4 a5 44. h3 c6 45. d5 cxd5 46. Rxd5 b6 47. Rd6+ Kg7 48. Rd3 a4 49. Rd4 b5 50. Rd5 Rb3 51. h4 b4 52. axb4 Rxb4 53. f3 Rb2+ 1/2-1/2

[Event "HUN-chT2 Charousek 1213"]
[Site "Hungary"]
[Date "2013.02.17"]
[Round "7"]
[White "Gombos, Bettina"]
[Black "Biskopics, Marton"]
[Result "1-0"]
[WhiteElo "1988"]
[BlackElo "2043"]
[PlyCount "69"]
[EventDate "2012.09.16"]
[EventType "team-tourn"]
[EventRounds "11"]
[EventCountry "HUN"]
[SourceTitle "EXT 2014"]
[Source "ChessBase"]
[SourceDate "2013.11.20"]
[SourceVersion "1"]
[SourceVersionDate "2013.11.20"]
[SourceQuality "1"]
[WhiteTeam "Haladas II"]
[BlackTeam "Aquaprofit II"]
[WhiteTeamCountry "HUN"]
[BlackTeamCountry "HUN"]

1. e4 c5 2. Nf3 e6 3. d4 cxd4 4. Nxd4 a6 5. Bd3 Qb6 6. Nb3 Qc7 7. 0-0 Nf6 8. Qe2 d6 9. c4 Be7 10. Nc3 Nbd7 11. f4 b6 12. Nd4 0-0 13. Bd2 Re8 14. Rae1 e5 15. Nf5 Bf8 16. Nd5 Nxd5 17. exd5 Nf6 18. fxe5 Rxe5 19. Ne3 Ne4 20. Rf4 Nxd2 21. Qxd2 g6 22. Qf2 Ra7 23. Nc2 Bg7 24. Rf1 Qc5 25. b3 Qxf2+ 26. R4xf2 Rae7 27. Nb4 Re1 28. Rxf7 Bd4+ 29. Kh1 Rxf7 30. Rxe1 Kg7 31. Nc6 Bc3 32. Re8 Bd7 33. Rb8 Bxc6 34. dxc6 Rc7 35. Rb7 1-0

[Event "HUN-chT2 Charousek 1213"]
[Site "Hungary"]
[Date "2012.12.02"]
[Round "5"]
[White "Bartuszek, Andras"]
[Black "Gombos, Bettina"]
[Result "1/2-1/2"]
[WhiteElo "1924"]
[BlackElo "1988"]
[PlyCount "37"]
[EventDate "2012.09.16"]
[EventType "team-tourn"]
[EventRounds "11"]
[EventCountry "HUN"]
[SourceTitle "EXT 2014"]
[Source "ChessBase"]
[SourceDate "2013.11.20"]
[SourceVersion "1"]
[SourceVersionDate "2013.11.20"]
[SourceQuality "1"]
[WhiteTeam "Kobanya Aquarena"]
[BlackTeam "Haladas II"]
[WhiteTeamCountry "HUN"]
[BlackTeamCountry "HUN"]

1. e4 c5 2. Nf3 e6 3. d4 cxd4 4. Nxd4 Nf6 5. Bd3 Nc6 6. Be3 d5 7. Nxc6 bxc6 8. e5 d4 9. exf6 dxe3 10. 0-0 exf2+ 11. Kh1 Qxf6 12. Nd2 Bb7 13. Ne4 Qe5 14. Rxf2 Bd6 15. Nxd6+ Qxd6 16. Qh5 g6 17. Qh6 Qf8 18. Qe3 Qg7 19. Raf1 1/2-1/2

[Event "HUN-chT U18"]
[Site "Budapest"]
[Date "2012.10.28"]
[Round "4.3"]
[White "Gombos, Bettina"]
[Black "Polyik, Peter"]
[Result "1/2-1/2"]
[WhiteElo "1988"]
[BlackElo "1816"]
[PlyCount "84"]
[EventDate "2012.10.28"]
[EventType "team-swiss"]
[EventRounds "8"]
[EventCountry "HUN"]
[SourceTitle "EXT 2020"]
[Source "ChessBase"]
[SourceDate "2019.10.17"]
[SourceVersion "1"]
[SourceVersionDate "2019.10.17"]
[SourceQuality "1"]

1. e4 c5 2. Nf3 d6 3. d4 cxd4 4. Nxd4 Nf6 5. Nc3 g6 6. Be3 Bg7 7. f3 0-0 8. Qd2 Nc6 9. 0-0-0 d5 10. Nxc6 bxc6 11. exd5 Nxd5 12. Nxd5 cxd5 13. Qxd5 Qc7 14. Qc5 Qb7 15. b3 Bf5 16. Bd3 Rfc8 17. Qa5 Bxd3 18. Rxd3 Qc6 19. c4 Qf6 20. Bd4 e5 21. Bb2 Qg5+ 22. Qd2 Qxd2+ 23. Rxd2 Bh6 24. Bxe5 Bxd2+ 25. Kxd2 Rd8+ 26. Kc3 f5 27. f4 Kf7 28. c5 Ke6 29. b4 a6 30. Re1 Kd5 31. Rd1+ Kc6 32. Bd6 Re8 33. Rd2 Kb5 34. Be5 a5 35. a3 axb4+ 36. axb4 Ra3+ 37. Kb2 Ra4 38. Rd7 Rxb4+ 39. Kc3 Rc4+ 40. Kd3 Rxc5 41. Rxh7 Rcxe5 42. fxe5 Rxe5 1/2-1/2

[Event "Vaujany op 3rd"]
[Site "Vaujany"]
[Date "2012.07.18"]
[Round "7"]
[White "Gombos, Bettina"]
[Black "Kormos, Adam"]
[Result "0-1"]
[WhiteElo "1966"]
[BlackElo "2193"]
[PlyCount "74"]
[EventDate "2012.07.12"]
[EventType "swiss"]
[EventRounds "9"]
[EventCountry "FRA"]
[SourceTitle "CBM 149 Extra"]
[Source "ChessBase"]
[SourceDate "2012.08.24"]
[SourceVersion "1"]
[SourceVersionDate "2012.08.24"]
[SourceQuality "1"]

1. e4 c5 2. Nf3 d6 3. d4 cxd4 4. Nxd4 Nf6 5. Nc3 g6 6. Be3 Bg7 7. f3 Nc6 8. Qd2 0-0 9. 0-0-0 Be6 10. g4 Rc8 11. h4 Qa5 12. a3 Ne5 13. Nxe6 fxe6 14. Be2 Nc4 15. Bxc4 Rxc4 16. Ne2 Qa4 17. Nc3 Qa6 18. Bh6 Rfc8 19. Bxg7 Rxc3 20. Bxf6 Rxc2+ 21. Qxc2 Rxc2+ 22. Kxc2 exf6 23. Rd3 Kf7 24. Rc3 Qb6 25. Rd1 h5 26. Kb1 g5 27. Rh1 hxg4 28. fxg4 gxh4 29. Rxh4 Kg6 30. Rch3 Kg5 31. Rh5+ Kf4 32. Rh6 Qd4 33. Ka2 Kxe4 34. Rb3 a5 35. g5 fxg5 36. Rxe6+ Kf5 37. Re2 Qc4 0-1

[Event "Vaujany op 3rd"]
[Site "Vaujany"]
[Date "2012.07.12"]
[Round "1"]
[White "Gombos, Bettina"]
[Black "Csonka, Balazs"]
[Result "0-1"]
[WhiteElo "1966"]
[BlackElo "2306"]
[PlyCount "94"]
[EventDate "2012.07.12"]
[EventType "swiss"]
[EventRounds "9"]
[EventCountry "FRA"]
[SourceTitle "CBM 149 Extra"]
[Source "ChessBase"]
[SourceDate "2012.08.24"]
[SourceVersion "1"]
[SourceVersionDate "2012.08.24"]
[SourceQuality "1"]

1. e4 c5 2. Nf3 d6 3. d4 cxd4 4. Nxd4 Nf6 5. Nc3 a6 6. Be3 e6 7. f3 b5 8. Qd2 b4 9. Nce2 Nbd7 10. g4 h6 11. 0-0-0 d5 12. exd5 Nxd5 13. Bf2 Bb7 14. Kb1 Bc5 15. Ng3 Rc8 16. Ne4 Be7 17. Bd3 Nc5 18. Nxc5 Bxc5 19. Nb3 Bxf2 20. Qxf2 Qc7 21. Rhe1 0-0 22. h4 a5 23. Bb5 Bc6 24. Bxc6 Qxc6 25. Nxa5 Qa4 26. Rxd5 exd5 27. Nb3 Ra8 28. Nc1 Rfe8 29. Rxe8+ Rxe8 30. Qc5 Re1 31. Qxd5 Qe8 32. Qd2 Qe3 33. Qxe3 Rxe3 34. f4 Rf3 35. f5 Rf4 36. b3 Rxg4 37. h5 g6 38. fxg6 fxg6 39. hxg6 h5 40. Nd3 h4 41. Nf2 Rxg6 42. a4 bxa3 43. b4 Rg2 44. Nh3 Rg3 45. Nf2 h3 46. b5 h2 47. b6 Rg6 0-1

[Event "HUN-ch U16 Girls"]
[Site "Balatonlelle"]
[Date "2012.06.24"]
[Round "3"]
[White "Szente Varga, Fruzsina"]
[Black "Gombos, Bettina"]
[Result "1-0"]
[WhiteElo "2009"]
[BlackElo "1961"]
[PlyCount "77"]
[EventDate "2012.06.22"]
[EventType "tourn"]
[EventRounds "7"]
[EventCountry "HUN"]
[SourceTitle "EXT 2014"]
[Source "ChessBase"]
[SourceDate "2013.11.20"]
[SourceVersion "1"]
[SourceVersionDate "2013.11.20"]
[SourceQuality "1"]

1. e4 c5 2. Nf3 e6 3. d4 cxd4 4. Nxd4 Nf6 5. Nc3 d6 6. f4 a6 7. Qf3 Qc7 8. Be3 Nc6 9. Bd3 Be7 10. 0-0 0-0 11. Nde2 Re8 12. g4 g6 13. g5 Nh5 14. Ng3 Nxg3 15. hxg3 Bf8 16. Kg2 Bg7 17. g4 Qa5 18. Bd2 Bd7 19. Rh1 Qb6 20. Qh3 Nb4 21. Qxh7+ Kf8 22. Qh3 Bc6 23. a3 Nxd3 24. Qxd3 Rad8 25. Kg3 Bd4 26. Raf1 Bg7 27. f5 exf5 28. gxf5 gxf5 29. Rxf5 Re5 30. Rhf1 Rxf5 31. exf5 Be5+ 32. Bf4 Qc5 33. g6 Bxf4+ 34. Kxf4 Qe5+ 35. Kg4 f6 36. Ne2 Qh2 37. Nf4 Rd7 38. Qc3 Kg7 39. Nh5+ 1-0

[Event "Busevec op U20 Girls 11th"]
[Site "Busevec"]
[Date "2012.05.20"]
[Round "4"]
[White "Ivekovic, Ana"]
[Black "Gombos, Bettina"]
[Result "0-1"]
[WhiteElo "1959"]
[BlackElo "1961"]
[PlyCount "128"]
[EventDate "2012.05.19"]
[EventType "swiss (rapid)"]
[EventRounds "6"]
[EventCountry "CRO"]
[SourceTitle "EXT 2013"]
[Source "ChessBase"]
[SourceDate "2012.11.22"]
[SourceVersion "1"]
[SourceVersionDate "2012.11.22"]
[SourceQuality "1"]

1. e4 c5 2. Nf3 e6 3. d4 cxd4 4. Nxd4 Nf6 5. Nc3 d6 6. Be2 Be7 7. 0-0 a6 8. a4 0-0 9. f4 Qc7 10. Kh1 Nc6 11. Nb3 b6 12. Be3 Na5 13. Nd2 Bb7 14. Bd3 Rfe8 15. h3 Rac8 16. Qe2 Ra8 17. Qf2 Nd7 18. Qg3 Bf6 19. Nd1 Rac8 20. Rb1 Nc6 21. Nf2 Qd8 22. Ng4 Bh4 23. Qf3 Be7 24. f5 Nde5 25. Nxe5 Nxe5 26. Qf2 Rc6 27. Nb3 Nxd3 28. cxd3 e5 29. Rbc1 Qd7 30. Ra1 Rec8 31. Qg3 Bf6 32. Nd2 b5 33. axb5 axb5 34. Bh6 Kh8 35. Be3 Ra6 36. Qf3 Rxa1 37. Rxa1 Rc2 38. b3 Qc8 39. Ra7 Rc3 40. Qe2 Kg8 41. Kh2 d5 42. exd5 Bxd5 43. Ne4 Bxe4 44. dxe4 h6 45. b4 Qc6 46. Bc5 Rc4 47. Qh5 Qe8 48. Qg4 Bg5 49. h4 Bf6 50. g3 Qd8 51. Qh5 Qe8 52. Qg4 Qc6 53. Qh5 Qe8 54. Qf3 Qc6 55. Qh5 Rxe4 56. Qxf7+ Kh8 57. Bf2 Re2 58. Kg1 Qc1+ 59. Kg2 Qc6+ 60. Kf1 Rd2 61. Qf8+ Kh7 62. Qc5 Qh1+ 63. Bg1 Qf3+ 64. Bf2 Rd1# 0-1

[Event "Busevec op U20 Girls 11th"]
[Site "Busevec"]
[Date "2012.05.19"]
[Round "2"]
[White "Blazeka, Mihaela"]
[Black "Gombos, Bettina"]
[Result "0-1"]
[WhiteElo "1777"]
[BlackElo "1961"]
[PlyCount "49"]
[EventDate "2012.05.19"]
[EventType "swiss (rapid)"]
[EventRounds "6"]
[EventCountry "CRO"]
[SourceTitle "EXT 2013"]
[Source "ChessBase"]
[SourceDate "2012.11.22"]
[SourceVersion "1"]
[SourceVersionDate "2012.11.22"]
[SourceQuality "1"]

1. e4 c5 2. Nf3 e6 3. d4 cxd4 4. Nxd4 Nf6 5. Nc3 d6 6. Be2 Be7 7. Be3 0-0 8. 0-0 a6 9. Kh1 Nc6 10. f4 Qc7 11. Qe1 Nxd4 12. Bxd4 b5 13. a3 Bb7 14. Bf3 Nd7 15. e5 dxe5 16. Bxb7 Qxb7 17. fxe5 Bc5 18. Rd1 Rad8 19. Rf4 Qc7 20. Qe3 Bxd4 21. Rfxd4 Nb6 22. Qd3 Rxd4 23. Qxd4 Nc4 24. Ne4 Nxe5 25. c3 0-1

[Event "HUN-chT2 Charousek 1112"]
[Site "Hungary"]
[Date "2012.03.11"]
[Round "7"]
[White "Gombos, Bettina"]
[Black "Bednay, Bence"]
[Result "0-1"]
[WhiteElo "1935"]
[BlackElo "2256"]
[PlyCount "96"]
[EventDate "2011.09.25"]
[EventType "team-tourn"]
[EventRounds "11"]
[EventCountry "HUN"]
[SourceTitle "EXT 2013"]
[Source "ChessBase"]
[SourceDate "2012.11.22"]
[SourceVersion "1"]
[SourceVersionDate "2012.11.22"]
[SourceQuality "1"]
[WhiteTeam "Haladas II"]
[BlackTeam "BEAC"]
[WhiteTeamCountry "HUN"]
[BlackTeamCountry "HUN"]

1. e4 c5 2. Nf3 e6 3. d4 cxd4 4. Nxd4 Nc6 5. Nb5 d6 6. c4 Nf6 7. N5c3 Be7 8. g3 b6 9. Bg2 Bb7 10. 0-0 0-0 11. b3 Rc8 12. Bb2 Qc7 13. Na3 Qb8 14. Rc1 Rfd8 15. Qe2 Rd7 16. Rfd1 Rcd8 17. Nc2 Ne8 18. Rd2 Bf6 19. Rcd1 g6 20. Ne3 Bg7 21. f4 Ne7 22. e5 Bxg2 23. Qxg2 Qc8 24. Ne4 dxe5 25. fxe5 Rxd2 26. Rxd2 Bh6 27. Qf2 Nf5 28. Nxf5 exf5 29. Nd6 Nxd6 30. Rxd6 Rxd6 31. exd6 Qe6 32. d7 Qxd7 33. Qe2 Qe6 34. Qe5 Qxe5 35. Bxe5 Be3+ 36. Kg2 Kf8 37. b4 Ke7 38. b5 Kd7 39. Kf3 Bg1 40. h4 Bc5 41. Kf4 Bd6 42. Bxd6 Kxd6 43. Ke3 Kc5 44. Kd3 h5 45. Kc3 f6 46. a3 g5 47. Kd3 f4 48. hxg5 fxg5 0-1

[Event "HUN-chT2 Charousek 1112"]
[Site "Hungary"]
[Date "2011.11.13"]
[Round "3"]
[White "Fur, Katinka"]
[Black "Gombos, Bettina"]
[Result "1/2-1/2"]
[WhiteElo "2010"]
[BlackElo "1935"]
[PlyCount "174"]
[EventDate "2011.09.25"]
[EventType "team-tourn"]
[EventRounds "11"]
[EventCountry "HUN"]
[SourceTitle "EXT 2013"]
[Source "ChessBase"]
[SourceDate "2012.11.22"]
[SourceVersion "1"]
[SourceVersionDate "2012.11.22"]
[SourceQuality "1"]
[WhiteTeam "Balatonfuered"]
[BlackTeam "Haladas II"]
[WhiteTeamCountry "HUN"]
[BlackTeamCountry "HUN"]

1. d4 Nf6 2. Nf3 e6 3. c4 b6 4. g3 Ba6 5. b3 Bb7 6. Bg2 Bb4+ 7. Bd2 a5 8. 0-0 0-0 9. a3 Be7 10. Bc3 Ne4 11. Bb2 d5 12. Nbd2 Nxd2 13. Nxd2 c5 14. e3 Bf6 15. Qc2 Nc6 16. cxd5 exd5 17. dxc5 Bxb2 18. Qxb2 bxc5 19. Rfc1 Qd6 20. Qc2 Rfd8 21. Qxc5 Qf6 22. Nf3 Rac8 23. Qb5 Rc7 24. Qe2 Re7 25. Qc2 g6 26. Rab1 Rc8 27. Qb2 Qd6 28. b4 axb4 29. axb4 Rec7 30. Rd1 Ne7 31. Nd4 Qb6 32. Bh3 Ra8 33. b5 Rb8 34. Qe2 Nc8 35. Bf1 Nd6 36. Qe1 Ne4 37. Rdc1 Rbc8 38. Rxc7 Rxc7 39. Rc1 Qd6 40. Bd3 Nc5 41. Bf1 Ne4 42. Bg2 Nc5 43. Qd2 Nd7 44. Rxc7 Qxc7 45. Qc2 Qb6 46. Qb3 Qc5 47. Qc2 Qb6 48. Bf1 Nc5 49. h4 Ne4 50. Bg2 Nd6 51. Bf1 Ne4 52. Bg2 Nd6 53. Bf1 Ne4 54. Bd3 Nc5 55. Qc3 Na4 56. Qc2 Nc5 57. Qd1 Qa5 58. Be2 Ne4 59. h5 Qb6 60. Bf3 Nd6 61. hxg6 hxg6 62. Be2 Ne4 63. Bd3 Nd6 64. Qc2 Kg7 65. Qc3 Kg8 66. Qb4 Nc8 67. Nb3 Nd6 68. Qa5 Nc8 69. Qxb6 Nxb6 70. Nc5 Bc8 71. Bc2 Kf8 72. Kf1 Ke7 73. Ke2 Kd6 74. Nb3 Bd7 75. Bd3 Na4 76. Kd2 Nb2 77. Be2 Nc4+ 78. Bxc4 dxc4 79. Nd4 Kc5 80. Kc3 Bxb5 81. Nf3 Kd5 82. Nd2 f5 83. f4 Kc5 84. Nf3 Kd5 85. Nd2 Kc5 86. Nf3 Kd5 87. Nd2 Kc5 1/2-1/2

[Event "HUN-chT U18"]
[Site "Miskolc"]
[Date "2011.11.05"]
[Round "7.5"]
[White "Gombos, Bettina"]
[Black "Szente Varga, Fruzsina"]
[Result "1-0"]
[WhiteElo "1952"]
[BlackElo "1977"]
[PlyCount "123"]
[EventDate "2011.11.02"]
[EventType "team-swiss"]
[EventRounds "8"]
[EventCountry "HUN"]
[SourceTitle "EXT 2012"]
[Source "ChessBase"]
[SourceDate "2011.11.24"]
[SourceVersion "1"]
[SourceVersionDate "2011.11.24"]
[SourceQuality "1"]
[WhiteTeam "Haladas"]
[BlackTeam "Paks"]
[WhiteTeamCountry "HUN"]
[BlackTeamCountry "HUN"]

1. e4 c5 2. Nf3 Nc6 3. d4 cxd4 4. Nxd4 Qb6 5. Nb3 Nf6 6. Nc3 e6 7. Be3 Qc7 8. Be2 a6 9. 0-0 b5 10. a3 Bb7 11. f4 d6 12. Bf3 Be7 13. Qe1 0-0 14. Qg3 b4 15. axb4 Nxb4 16. Nd4 Rfd8 17. Ra4 Nc6 18. Nxc6 Bxc6 19. e5 Nd5 20. Nxd5 exd5 21. Raa1 dxe5 22. fxe5 d4 23. Bh6 Bf8 24. Bg5 Re8 25. e6 Rec8 26. Qxc7 Rxc7 27. Bxc6 Rxc6 28. e7 Bxe7 29. Bxe7 Rxc2 30. Rf2 Rc7 31. Bd6 Rd7 32. Bc5 f6 33. Rd2 d3 34. Ra3 Rd5 35. Bb4 Rb8 36. Bc3 Rb6 37. Ra5 Rd7 38. Kf2 Kf7 39. Ra4 Rbd6 40. Re4 f5 41. Re5 g6 42. Ke3 h6 43. Rd1 Rd8 44. Kd2 f4 45. Rde1 g5 46. Re7+ Kg6 47. R7e6+ Kf5 48. R1e5+ Kg4 49. Rxd6 Rxd6 50. Re4 h5 51. Bd4 h4 52. Kxd3 h3 53. Re2 hxg2 54. Rxg2+ Kh4 55. Ke4 f3 56. Bf2+ Kh3 57. Rxg5 Rf6 58. Rg3+ Kxh2 59. Rxf3 Re6+ 60. Kd5 Re2 61. Bd4 a5 62. Rf2+ 1-0

[Event "HUN-chT U18"]
[Site "Miskolc"]
[Date "2011.11.05"]
[Round "6.5"]
[White "Szalaji, Renata"]
[Black "Gombos, Bettina"]
[Result "0-1"]
[WhiteElo "1917"]
[BlackElo "1952"]
[PlyCount "76"]
[EventDate "2011.11.02"]
[EventType "team-swiss"]
[EventRounds "8"]
[EventCountry "HUN"]
[SourceTitle "EXT 2012"]
[Source "ChessBase"]
[SourceDate "2011.11.24"]
[SourceVersion "1"]
[SourceVersionDate "2011.11.24"]
[SourceQuality "1"]
[WhiteTeam "Mako"]
[BlackTeam "Haladas"]
[WhiteTeamCountry "HUN"]
[BlackTeamCountry "HUN"]

1. e4 c5 2. Nf3 e6 3. c4 d6 4. Nc3 Nf6 5. Be2 Be7 6. d4 cxd4 7. Nxd4 a6 8. Be3 0-0 9. 0-0 Qc7 10. a3 b6 11. f3 Bb7 12. Rc1 Nbd7 13. Kh1 Rac8 14. Na4 Qb8 15. b4 Rfe8 16. Nb3 Bd8 17. Qe1 d5 18. cxd5 Rxc1 19. Bxc1 exd5 20. exd5 Qe5 21. Nc3 Nxd5 22. Ne4 f5 23. Ng3 Bh4 24. f4 Qc7 25. Nd4 g6 26. Bd2 N7f6 27. Qc1 Qd7 28. Nf3 Bxg3 29. Ne5 Rxe5 30. fxe5 Bxe5 31. Bc4 Ne4 32. Bd3 Ndf6 33. Bc4+ Kf8 34. Bh6+ Ke7 35. Be3 Qc6 36. Rg1 Ng4 37. Bg5+ Ke8 38. h3 Nef2# 0-1

[Event "HUN-chT2 Charousek 1112"]
[Site "Hungary"]
[Date "2011.09.25"]
[Round "1"]
[White "Gombos, Bettina"]
[Black "Fehervari, Istvan"]
[Result "1/2-1/2"]
[WhiteElo "1935"]
[BlackElo "1999"]
[PlyCount "108"]
[EventDate "2011.09.25"]
[EventType "team-tourn"]
[EventRounds "11"]
[EventCountry "HUN"]
[SourceTitle "EXT 2013"]
[Source "ChessBase"]
[SourceDate "2012.11.22"]
[SourceVersion "1"]
[SourceVersionDate "2012.11.22"]
[SourceQuality "1"]
[WhiteTeam "Haladas II"]
[BlackTeam "Fehervar"]
[WhiteTeamCountry "HUN"]
[BlackTeamCountry "HUN"]

1. e4 e5 2. Nf3 Nc6 3. Bc4 Nf6 4. d3 Be7 5. 0-0 d6 6. Bb3 0-0 7. c3 h6 8. Re1 Na5 9. Bc2 c5 10. h3 Qc7 11. d4 Bd7 12. Nbd2 Rac8 13. dxe5 dxe5 14. Nh4 Rfd8 15. Qf3 g6 16. Nf1 Kg7 17. Ne3 Be6 18. Qg3 Kh7 19. Nf3 Nc6 20. Ng4 Nxg4 21. hxg4 Rh8 22. Be3 Rcd8 23. Ba4 f6 24. Kh2 Qc8 25. Nh4 g5 26. Nf5 Bxf5 27. exf5 Kg7 28. Qf3 Bd6 29. g3 Ne7 30. Rh1 a6 31. Bc2 b5 32. Be4 Qc7 33. Kg2 c4 34. Rac1 Bc5 35. Bxc5 Qxc5 36. Rhd1 a5 37. Rc2 Qc7 38. Rcd2 Rxd2 39. Rxd2 Rd8 40. Qd1 Nc6 41. Rxd8 Qxd8 42. Qxd8 Nxd8 43. Bd5 Kf8 44. a4 bxa4 45. Bxc4 Nb7 46. Kf3 Nc5 47. Bb5 Ke7 48. Ke3 Kd6 49. f3 Kd5 50. c4+ Kd6 51. Be8 Kc7 52. Bb5 Kd6 53. Be8 Kc7 54. Bb5 Kd6 1/2-1/2

[Event "EU-ch U14 Girls"]
[Site "Albena"]
[Date "2011.09.14"]
[Round "4"]
[White "Hincu, Olga"]
[Black "Gombos, Bettina"]
[Result "1-0"]
[WhiteElo "1829"]
[BlackElo "1935"]
[PlyCount "103"]
[EventDate "2011.09.11"]
[EventType "swiss"]
[EventRounds "9"]
[EventCountry "BUL"]
[SourceTitle "CBM 144 Extra"]
[Source "ChessBase"]
[SourceDate "2011.10.28"]
[SourceVersion "1"]
[SourceVersionDate "2011.10.28"]
[SourceQuality "1"]

1. d4 Nf6 2. Nf3 e6 3. Bf4 b6 4. e3 Bb7 5. Nbd2 c5 6. c3 Be7 7. Bd3 d5 8. h3 0-0 9. 0-0 c4 10. Bb1 b5 11. e4 dxe4 12. Ne5 Nbd7 13. Re1 Nxe5 14. dxe5 Nd5 15. Bg3 e3 16. fxe3 Nxe3 17. Rxe3 Bc5 18. Bf2 Bxe3 19. Bxe3 Qh4 20. Nf3 Qg3 21. Qe1 Qxe1+ 22. Nxe1 Rfd8 23. Bc2 a5 24. Nf3 b4 25. Nd4 Bd5 26. Ba4 Rab8 27. Bb5 f6 28. Bf4 g5 29. Bg3 f5 30. a4 bxc3 31. bxc3 h5 32. Be1 f4 33. Bd2 Rf8 34. Rf1 Rb7 35. Bc1 Rg7 36. Ba3 Rff7 37. Be8 Rb7 38. Bxh5 Rb6 39. Bg4 Rgb7 40. Nb5 Rb8 41. Bd6 Rxb5 42. axb5 Rxb5 43. h4 Rb2 44. Bf3 Rc2 45. Bxd5 exd5 46. e6 Re2 47. e7 d4 48. cxd4 c3 49. hxg5 c2 50. Ba3 Re4 51. d5 Kf7 52. d6 1-0

[Event "EU-ch U14 Girls"]
[Site "Albena"]
[Date "2011.09.12"]
[Round "2"]
[White "Gombos, Bettina"]
[Black "Spasova, Tsvetelina"]
[Result "1/2-1/2"]
[WhiteElo "1935"]
[BlackElo "1746"]
[PlyCount "77"]
[EventDate "2011.09.11"]
[EventType "swiss"]
[EventRounds "9"]
[EventCountry "BUL"]
[SourceTitle "CBM 144 Extra"]
[Source "ChessBase"]
[SourceDate "2011.10.28"]
[SourceVersion "1"]
[SourceVersionDate "2011.10.28"]
[SourceQuality "1"]

1. e4 c5 2. Nf3 Nc6 3. d4 cxd4 4. Nxd4 Qb6 5. Nb3 Nf6 6. Nc3 e6 7. Be3 Qc7 8. a3 a6 9. Be2 d6 10. 0-0 Be7 11. f4 0-0 12. Qe1 b5 13. Qg3 Re8 14. Bf3 Rb8 15. Rf2 Bb7 16. Raf1 Bf8 17. e5 Nd7 18. exd6 Qxd6 19. Ne4 Qc7 20. Rd2 Kh8 21. Qh3 Kg8 22. Ng5 Nf6 23. Ne4 Nxe4 24. Bxe4 f5 25. Bf3 Na5 26. Nxa5 Bxf3 27. Qxf3 Qxa5 28. Rd7 Rbd8 29. Rxd8 Qxd8 30. Qc6 Qc8 31. Qxc8 Rxc8 32. Rf2 Bc5 33. Bxc5 Rxc5 34. Re2 Kf7 35. Kf2 Kf6 36. Rd2 Rc6 37. c3 e5 38. fxe5+ Kxe5 39. Kf3 1/2-1/2